[Event "Izhevsk op"]
[Site "Izhevsk"]
[Date "2009.07.17"]
[Round "3"]
[White "Averin, Stanislav"]
[Black "Veltmander, Iogannes G"]
[Result "1/2-1/2"]
[WhiteElo "2025"]
[BlackElo "2126"]
[PlyCount "136"]
[EventDate "2009.07.15"]
[EventType "swiss"]
[EventRounds "9"]
[EventCountry "RUS"]
[SourceTitle "EXT 2010"]
[Source "ChessBase"]
[SourceDate "2010.11.25"]
[SourceVersion "1"]
[SourceVersionDate "2010.11.25"]
[SourceQuality "1"]

1. e4 c5 2. Nc3 Nc6 3. g3 d6 4. Bg2 g6 5. f4 Bg7 6. Nf3 Nf6 7. d3 0-0 8. 0-0 Rb8 9. Ne2 e5 10. h3 Qe7 11. Nh4 Nh5 12. Kh2 exf4 13. Nxf4 Nxg3 14. Kxg3 Qg5+ 15. Kh2 Qxh4 16. Nd5 Be6 17. Nf4 Ne5 18. Qe1 Qxe1 19. Rxe1 Nc6 20. c3 b5 21. a3 h6 22. Be3 g5 23. Ne2 Ne5 24. Red1 f5 25. exf5 Bxf5 26. Bd5+ Kh8 27. d4 Nc4 28. Bxc4 bxc4 29. Rd2 Rfe8 30. Bf2 Bd3 31. Ng3 cxd4 32. cxd4 Rb3 33. Nh5 Reb8 34. Nxg7 Rxb2 35. Rad1 Rxd2 36. Rxd2 Kxg7 37. d5 a6 38. Bd4+ Kg6 39. Rf2 Bf5 40. h4 gxh4 41. Rg2+ Kh5 42. Rf2 Rf8 43. Bc3 Kg5 44. Bb4 Re8 45. Bd2+ Kg6 46. Rg2+ Kh7 47. Bc3 Bg6 48. Rb2 Rf8 49. Rb7+ Rf7 50. Rb6 Rf2+ 51. Kg1 Rf3 52. Rb7+ Bf7 53. Bd4 Kg6 54. Rb6 Rd3 55. Rxd6+ Kh5 56. Bf6 Rxd5 57. Rxa6 Rd1+ 58. Kf2 h3 59. Bg7 Bg6 60. Kg3 Rd3+ 61. Kh2 Kg5 62. Rc6 h5 63. Rxc4 Rd2+ 64. Kxh3 Bf5+ 65. Kg3 h4+ 66. Kf3 Rd3+ 67. Kf2 h3 68. Be5 Rxa3 1/2-1/2